000 00969nac a22002291u 4500
020 _a0130654884 (pbk.)
082 _a658.3
_bS6518
090 _c1146
_d1146
100 _aSmith, Jerald R.
245 _aAirline :
_ba strategic management simulation /
_cJerald R. Smith and Peggy A. Golden.
250 _a4th ed. /
_bVivek Patel, technical consultatnt, special consultants, Bryce Appleton, Michael Forte.
260 _aUpper Saddle River, N.J. :
_bPrentice Hall,
_cc2002.
300 _avi, 104 p. :
_bill. ;
_c28 cm.
500 _aPrevious ed.: 1994.
500 _aIncludes index.
650 _aStrategic planning
_xSimulation methods.
650 _aManagement
_xSimulation methods.
650 _ax Simulation methods.
_aAirlines
_xManagement
700 _aGolden, Peggy A.
942 _cBB
_k658.3S6518
999 _c1146
_d1146